000 00815nam a2200229Ii 4500
003 JO-AjNU
008 230605s9999||||xx |||||||||||||| ||und||
017 _a2008/9/3208
020 _a9957-16-477-5
040 _aJO-AjNU
_bara
_erda
_cJO-AjNU
041 _aara
050 1 4 _aK1447.7.S2622.2010
100 3 _a الحيط ، عادل عزام سقف ,
_eauthor
_912184
245 0 0 _aالدليل المعتمد في امتحانات القانونية : THE RELIABLE GUIDE TO LEGAL TRANSLATION
250 _aط2
264 3 1 _aعمان : دار الثقافة ،2010
300 _a623ص
336 _atext
_btxt
_2rdacontent
337 _aunmediated
_bn
_2rdamedia
338 _avolume
_bnc
_2rdacarrier
650 4 _aالترجمة -- القانون -- الأدلة -- الترجمة القانونية
_912185
999 _aA2709
_c6277
_d6277